Normal view
MARC view
Entry Personal Name
001 - CONTROL NUMBER
- control field: 60196
003 - CONTROL NUMBER IDENTIFIER
- control field: OSt
005 - DATE AND TIME OF LATEST TRANSACTION
- control field: 20260423161121.0
008 - FIXED-LENGTH DATA ELEMENTS
- fixed length control field: 260423|| aca||aabn | a|a d
040 ## - CATALOGING SOURCE
- Original cataloging agency: OSt
- Transcribing agency: OSt
100 ## - HEADING--PERSONAL NAME
- Personal name: Paliwal, Abhinav and Siwach, Kuldeep
670 ## - SOURCE DATA FOUND
- Source citation: Work cat.: (OSt): Paliwal, Abhinav and Siwach, Kuldeep , Digital media in the context of Indian knowledge systems: Preserving traditional communication in a technological age
